00464nam a2200157Ia 4500008004100000020001500041082001600056100001900072245004600091250000800137260004300145300002800188500001900216600002100235650005000256240925s9999 xx 000 0 und d a1878739735 a005.133 LAF aLafore, Robert 0aObject Oriented Programming in Turboo C++ a2nd aCalifornia:bWaite Group Pressc,1995. axxix,863p.bNAfPirated aIncludes Index aComputer Science aComputer science, information & general works